01048cam a2200265 a 450000100100000000500170001000800410002702000150006804000250008308200170010810000500012524500610017526000340023630000210027044000300029150400410032150400350036265000270039765000340042465000330045865000310049195201200052295201250064299900150076700000283020200929150251.0770303s1976 sp b 001 0 spa  a8433900412 aDO-SdBNPbspacBNPHU a864.6bC348l1 aCastellet, J. M.q(Josep Maria),d1926-9896110aLiteratura, ideología y política /cJ. M. Castellet. aBarcelona :bAnagrama,c1976. a169 p. ;c20 cm. 0aArgumentos;vno. 4198962 aIncluye referencias bibliográficas aIncluye listado de colección 4aEnsayo español93923 4aPolítica y literatura98963 4aIdeología política98964 4aLiteratura española9632 001052708MOaGRbGRcCTd2009-07-03iLF1l0o864.6 C348lp2830-10r2020-06-25w2020-06-25y2ZPréstamo interno 001053728MOaGRbGRcCTd2009-07-03iLF1l0o864.6 C348lp2830-20r2020-06-25te.2w2020-06-25y2ZPréstamo interno c2664d2664